00391nam a2200109Ia 4500008004100000020001800041100002200059245011000081260002700191650002000218856004300238171212s9999 xx 000 0 und d a9780833044112 aEibner, Christine cEibner, ChristineaThe Economic Burden of Providing Health InsurancebHow Much Worse Off Are Small Firms? bRAND Corporationc2008 aHealth Sciences uwww.jstor.org/stable/10.7249/tr559emkf